Slovník účetních pojmů překlad z ČJ do AJ a NJ, výklad českých pojmů, slovní spojení používané v praxi

Salvato in:
Dettagli Bibliografici
Natura: Libro
Lingua:ceco
Pubblicazione: Praha ASPI Wolters Kluwer 2006
Soggetti:
Tags: Aggiungi Tag
Nessun Tag, puoi essere il primo ad aggiungerne!!

MARC

LEADER 00000nam$a2200000$$$4500
001 0053583
005 20221207101321.8
020 |a 80-7357-197-8 
041 0 |a cze 
044 |a CZ 
245 1 0 |a Slovník účetních pojmů  |b překlad z ČJ do AJ a NJ, výklad českých pojmů, slovní spojení používané v praxi 
264 1 |a Praha  |b ASPI Wolters Kluwer  |c 2006 
300 |a 300 s. 
610 2 0 |a terminológia 
610 2 0 |a účtovníctvo 
610 2 0 |a účtovníctvo finančné 
610 2 0 |a účtovníctvo manažérske